Interaction of substituted aril iodide with protonic acid; Bulletin of the Tomsk Polytechnic University; Vol. 310, № 1

Библиографические подробности
Источник:Bulletin of the Tomsk Polytechnic University/ Tomsk Polytechnic University (TPU).— , 2006-2007
Vol. 310, № 1.— 2007.— [P. 149-151]
Другие авторы: Chaikovskii V. K. Vitold Kazimirovich, Funk А. А., Kozlova N. S., Kets Т. S.
Примечания:Заглавие с титульного листа
Электронная версия печатной публикации
Using GAUSSIAN'98W program package calculation of Gibbs free energy, activation enthalpy and free activation energy of direct and reverse interaction reaction of substituted aryl iodides with mineral acids has been carried out. Experimental test of the obtained theoretical results is performed. HI is shown to demonstrate a strong deiodinating affect only on the compounds with high π-electron density. HCl, H3PO4 and H2SO4 deiodinate partially only 4-iodoaniline.
Язык:английский
Опубликовано: 2007
Серии:Chemistry
Предметы:
Online-ссылка:http://www.lib.tpu.ru/fulltext/v/Bulletin_TPU/2007/v310eng/i1/38.pdf
Формат: Электронный ресурс Статья
Запись в KOHA:https://koha.lib.tpu.ru/cgi-bin/koha/opac-detail.pl?biblionumber=180924

MARC

LEADER 00000nla2a2200000 4500
001 180924
005 20231031170924.0
035 |a (RuTPU)RU\TPU\book\196132 
035 |a RU\TPU\book\196131 
090 |a 180924 
100 |a 20100528d2007 k y0rusy50 ca 
101 1 |a eng  |c rus 
102 |a RU 
135 |a drnn ---uucaa 
200 1 |a Interaction of substituted aril iodide with protonic acid  |b Electronic resource  |f V. K. Chaikovskii [et al.] 
203 |a Text  |c electronic 
215 |a 1 файл (293 Кб) 
225 1 |a Chemistry 
230 |a Электронные текстовые данные (1 файл : 293 Кб) 
300 |a Заглавие с титульного листа 
300 |a Электронная версия печатной публикации 
320 |a [Bibliography: p. 151 (12 titles)] 
330 |a Using GAUSSIAN'98W program package calculation of Gibbs free energy, activation enthalpy and free activation energy of direct and reverse interaction reaction of substituted aryl iodides with mineral acids has been carried out. Experimental test of the obtained theoretical results is performed. HI is shown to demonstrate a strong deiodinating affect only on the compounds with high π-electron density. HCl, H3PO4 and H2SO4 deiodinate partially only 4-iodoaniline. 
337 |a Adobe Reader 
461 1 |0 (RuTPU)RU\TPU\book\169973  |t Bulletin of the Tomsk Polytechnic University  |f Tomsk Polytechnic University (TPU)  |d 2006-2007 
463 1 |0 (RuTPU)RU\TPU\book\195457  |t Vol. 310, № 1  |v [P. 149-151]  |d 2007  |p 201 p. 
610 1 |a substituted aril iodide 
610 1 |a protonic acid 
610 1 |a calculations 
610 1 |a free energy 
610 1 |a Gibbs energy 
610 1 |a enthalpy 
610 1 |a direct reactions 
610 1 |a reverse reactions 
610 1 |a mineral acids 
610 1 |a experimental tests 
610 1 |a theoretical results 
610 1 |a electron density 
610 1 |a iodoaniline 
610 1 |a труды учёных ТПУ 
610 1 |a электронный ресурс 
675 |a 547.539.04  |v 3 
701 1 |a Chaikovskii  |b V. K.  |c chemist  |c Professor of Tomsk Polytechnic University, Doctor of chemical sciences  |f 1951-  |g Vitold Kazimirovich  |2 stltpush  |3 (RuTPU)RU\TPU\pers\31821 
701 1 |a Funk  |b А. А. 
701 1 |a Kozlova  |b N. S. 
701 1 |a Kets  |b Т. S. 
801 1 |a RU  |b 63413507  |c 20090623  |g PSBO 
801 2 |a RU  |b 63413507  |c 20160128  |g PSBO 
856 4 |u http://www.lib.tpu.ru/fulltext/v/Bulletin_TPU/2007/v310eng/i1/38.pdf 
942 |c CF